Statistics for Survivor Contestants Quiz (S1-S40) Pt.1

Click here to take the quiz!

General Stats

  • This quiz has been taken 24 times
  • The average score is 299 of 500

Answer Stats

Season numberOrderNumber of Times PlayedAnswer% Correct
613th1JoAnna Ward
92%
49th1John Carroll
92%
26W2John Cochran
92%
238th2John Cochran
92%
2713th1John Cody
92%
199th1John Fincher
92%
911th1John Kenney
92%
916th1John Palyok
92%
516th1John Raymond
92%
1018th1Jolanda Jones
92%
73rd2Jon Dalton
92%
1620th2Jon Dalton
92%
215th1Kel Gleason
92%
2115th1Kelly Bruno
92%
1713th1Kelly Czarnecki
92%
39th1Kelly Goldsmith
92%
1911th1Kelly Sharbaugh
92%
218th1Kelly Shinn
92%
12nd2Kelly Wiglesworth
92%
87th2Alicia Calaway
85%
29th2Alicia Calaway
85%
245th1Alicia Rosa
85%
9W1Chris Daugherty
85%
1211th1Dan Barry
85%
1711th1Dan Kay
85%
215th1Dan Lembo
85%
2212th1David Murphy
85%
21W1Fabio Birza
85%
167th3James Clement
85%
157th3James Clement
85%
2014th3James Clement
85%
1012th1James Miller
85%
257th3Jonathan Penner
85%
1615th3Jonathan Penner
85%
137th3Jonathan Penner
85%
247th2Kat Edorsson
85%
2714th2Kat Edorsson
85%
32nd1Kim Johnson
85%
1015th1Kim Mullen
85%
36th1Kim Powers
85%
24W2Kim Spradlin
85%
511th1Robb Zbacnick
85%
63rd2Rob Cesternino
85%
815th2Rob Cesternino
85%
610th1Robert Sexton
85%
410th5Rob Mariano
85%
22W5Rob Mariano
85%
2013th5Rob Mariano
85%
82nd5Rob Mariano
85%
1412th1Rocky Reid
85%
78th4Rupert Boneham
85%
206th4Rupert Boneham
85%
2720th4Rupert Boneham
85%
84th4Rupert Boneham
85%
2513th1Sarah Dawson
85%
413th1Sarah Jones
85%
2811th3Sarah Lacina
85%
284th2Spencer Bledsoe
85%
1812th1Spencer Duhm
85%
107th3Stephenie LaGrossa
85%
2019th3Stephenie LaGrossa
85%
112nd3Stephenie LaGrossa
85%
1216th1Tina Scheer
85%
274th3Tina Wesson
85%
818th3Tina Wesson
85%
2W3Tina Wesson
85%
34th2Tom Buchanan
85%
85th2Tom Buchanan
85%
10W2Tom Westman
85%
2016th3Tom Westman
85%
162nd3Amanda Kimmel
77%
209th3Amanda Kimmel
77%
153rd3Amanda Kimmel
77%
8W3Amber Brkich
77%
26th3Amber Brkich
77%
2711th2Aras Baskauskas
77%
12W2Aras Baskauskas
77%
1110th1Brandon Bellinger
77%
2615th2Brandon Hantz
77%
236th2Brandon Hantz
77%
38th1Brandon Quinton
77%
275th3Ciera Eastin
77%
2017th4Cirie Fields
77%
124th4Cirie Fields
77%
163rd4Cirie Fields
77%
22nd3Colby Donaldson
77%
812th3Colby Donaldson
77%
205th3Colby Donaldson
77%
126th1Courtney Marit
77%
2011th2Courtney Yates
77%
152nd2Courtney Yates
77%
207th2Danielle DiLorenzo
77%
122nd2Danielle DiLorenzo
77%
614th1Daniel Lue
77%
216th1Debb Eaton
77%
24th1Elisabeth Filarski
77%
94th2Eliza Orlins
77%
1610th2Eliza Orlins
77%
1912th1Erik Cardona
77%
156th1Erik Huffman
77%
165th2Erik Reichenbach
77%
265th2Erik Reichenbach
77%
811th3Ethan Zohn
77%
3W3Ethan Zohn
77%
2510th1Jeff Kent
77%
210th3Jeff Varner
77%
1016th1Jeff Wilson
77%
104th1Jenn Lyon
77%
204th3Jerri Manthey
77%
810th3Jerri Manthey
77%
28th3Jerri Manthey
77%
1810th1Joe Dowdle
77%
2010th3JT Thomas
77%
18W3JT Thomas
77%
1613th1Kathy Sleckman
77%
23rd1Keith Famie
77%
2311th1Keith Tollefson
77%
2418th1Kourtney Moon
77%
2614th1Matt Bischoff
77%
2411th1Michael Jefferson
77%
252nd2Michael Skupin
77%
211th2Michael Skupin
77%
2611th1Michael Snow
77%
1919th1Mike Borassi
77%
226th1Mike Chiesl
77%
164th1Natalie Bolton
77%
223rd1Natalie Tenerelli
77%
19W1Natalie White
77%
27th1Nick Brown
77%
1210th1Nick Stanbury
77%
136th4Parvati Shallow
77%
16W4Parvati Shallow
77%
202nd4Parvati Shallow
77%
1W2Richard Hatch
77%
814th2Richard Hatch
77%
25th1Rodger Bingham
77%
13rd2Rudy Boesch
77%
817th2Rudy Boesch
77%
20WW4Sandra Diaz-Twine
77%
7WW4Sandra Diaz-Twine
77%
15th1Sean Kenniff
77%
45th1Sean Rector
77%
713th1Shawn Cohen
77%
182nd2Stephen Fishbach
77%
813th2Sue Hawk
77%
14th2Sue Hawk
77%
173rd2Sugar Kiper
77%
2020th2Sugar Kiper
77%
1611th2Ami Cusack
69%
96th2Ami Cusack
69%
1111th1Amy O'Hara
69%
133rd1Becky Lee
69%
2415th1Bill Posley
69%
17W1Bob Crowley
69%
2715th2Brad Culpepper
69%
1312th1Brad Virata
69%
266th2Brenda Lowe
69%
2110th2Brenda Lowe
69%
1112th1Brian Corridan
69%
5W1Brian Heidik
69%
16th1Colleen Haskell
69%
2818th1David Samson
69%
14W1Earl Cole
69%
273rd2Gervase Peterson
69%
17th2Gervase Peterson
69%
19th1Greg Buis
69%
106th1Gregg Carey
69%
216th1Jane Bright
69%
53rd1Jan Gentry
69%
83rd2Jenna Lewis
69%
18th2Jenna Lewis
69%
816th2Jenna Morasca
69%
6W2Jenna Morasca
69%
88th2Kathy Vavrick-O'Brien
69%
43rd2Kathy Vavrik-O'Brien
69%
102nd1Katie Gallagher
69%
2512th1Katie Hanson
69%
212th2Kimmi Kappenberg
69%
2616th1Laura Alexander
69%
2712th1Laura Boneham
69%
276th2Laura Morett
69%
1910th2Laura Morett
69%
89th2Lex van den Berghe
69%
33rd2Lex van den Berghe
69%
2813th1Lindsey Ogle
69%
311th1Lindsey Richter
69%
912th1Lisa Keiffer
69%
253rd1Lisa Whelchel
69%
214th1Maralyn Hershey
69%
1619th1Mary Sartain
69%
227th1Matt Elrod
69%
2416th1Matt Quinlan
69%
62nd1Matt von Ertfelda
69%
213th1Mitchell Olson
69%
272nd2Monica Culpepper
69%
2414th2Monica Culpepper
69%
197th2Monica Padilla
69%
234th4Ozzy Lusth
69%
132nd4Ozzy Lusth
69%
169th4Ozzy Lusth
69%
2610th2Phillip Sheppard
69%
222nd2Phillip Sheppard
69%
178th2Randy Bailey
69%
2018th2Randy Bailey
69%
86th2Shii Ann Huang
69%
510th2Shii Ann Huang
69%
246th1Tarzan Smith
69%
123rd2Terry Deitz
69%
27W4Tyson Apostol
69%
188th4Tyson Apostol
69%
2015th4Tyson Apostol
69%
135th1Adam Gentry
62%
147th1Alex Angarita
62%
67th1Alex Bell
62%
166th1Alexis Jones
62%
2812th1Alexis Maxwell
62%
710th2Andrew Savage
62%
115th1BB Anderson
62%
1917th1Ben Browning
62%
217th1Benry Henry
62%
1319th1Billy Garcia
62%
119th2Bobby Jon Drinkard
62%
1010th2Bobby Jon Drinkard
62%
1212th1Bobby Mason
62%
1815th1Candace Smith
62%
2716th3Candice Cody
62%
208th3Candice Woodcock
62%
138th3Candice Woodcock
62%
1614th1Chet Welch
62%
244th1Christina Cha
62%
1314th1Christina Coria
62%
115th1Cindy Hall
62%
232nd3Coach Wade
62%
2012th3Coach Wade
62%
185th3Coach Wade
62%
2719th2Colton Cumbie
62%
2413th2Colton Cumbie
62%
177th2Corinne Kaplan
62%
2612th2Corinne Kaplan
62%
198th1Dave Ball
62%
1513th1Dave Cruser
62%
69th1Dave Johnson
62%
154th1Denise Martin
62%
25W2Denise Stapley
62%
103rd1Ian Rosenberger
62%
1510th1Jaime Dugan
62%
118th1Jamie Newton
62%
168th1Jason Siska
62%
1310th1Jenny Guzon-Bae
62%
1020th1Jonathan Libby
62%
95th1Julie Berry
62%
2211th1Julie Wolfe
62%
283rd2Kass McQuillen
62%
175th1Ken Hoang
62%
58th1Ken Stafford
62%
2216th1Kristina Kell
62%
72nd1Lillian Morris
62%
2717th1Marissa Peterson
62%
1718th1Michelle Chase
62%
715th1Michelle Tesauro
62%
1410th1Michelle Yi
62%
1617th1Mikey Bortone
62%
1117th1Morgan McDevitt
62%
2810th1Morgan McLeod
62%
203rd3Russell Hantz
62%
193nd3Russell Hantz
62%
2217th3Russell Hantz
62%
1914th2Russell Swan
62%
2515th2Russell Swan
62%
2316th1Stacey Powell
62%
146th1Stacy Kimball
62%
286th2Tasha Fox
62%
15W1Todd Herzog
62%
1612th1Tracy Hughes-Wolf
62%
714th1Trish Dunn
62%
285th1Trish Hegarty
62%
92nd1Twila Tanner
62%
4W1Vecepia Towery
62%
2710th2Vytas Baskauskas
62%
144th2Yau-Man Chan
62%
1618th2Yau-Man Chan
62%
13W2Yul Kwon
62%
225th3Andrea Boehlke
54%
267th3Andrea Boehlke
54%
1013th1Angie Jakusz
54%
2516th1Angie Layton
54%
1017th1Ashlee Ashby
54%
1515th1Ashley Massaro
54%
1915th1Ashley Trainer
54%
224th1Ashley Underwood
54%
75th1Burton Roberts
54%
279th1Caleb Bankston
54%
1816th1Carolina Eastwood
54%
256th1Carter Williams
54%
52nd1Clay Jordan
54%
2814th1Cliff Robinson
54%
11W2Danni Boatwright
54%
74th1Darrah Johnson
54%
186th1Debbie Beebe
54%
112th1Dirk Been
54%
59th1Erin Collins
54%
183rd1Erinn Lobdell
54%
117th1Gary Hogeboom
54%
1416th1Gary Stritesky
54%
65th1Heidi Strobel
54%
1419th1Jessica deBen
54%
1313th1Jessica "Flica" Smith
54%
1118th1Jim Lynch
54%
2312th1Jim Rice
54%
1616th1Joel Anderson
54%
111th1Joel Klug
54%
2412th1Jonas Otsuji
54%
2815th1J'Tia Taylor
54%
116th1Judd Sergeant
54%
2613th1Julia Landauer
54%
254th3Malcolm Freberg
54%
269th3Malcolm Freberg
54%
2317th1Mark Caruso
54%
2111th1Marty Piombo
54%
193rd1Mick Trimming
54%
139th1Nate Gonzalez
54%
155th2Peih-Gee Law
54%
258th1Pete Yurkowski
54%
2718th1Rachel Foulger
54%
113th1Ramona Gray
54%
242nd1Sabrina Thompson
54%
1320th1Sekou Bunch
54%
125th1Shane Powers
54%
116th1Sonja Christopher
54%
512th1Stephanie Dill
54%
2214th1Stephanie Valencia
54%
1316th1Stephannie Favor
54%
134th1Sundra Oakley
54%
172nd1Susie Smith
54%
248th2Troyzan Robertson
54%
282nd2Woo Hwang
54%
255th2Abi-Maria Gomes
46%
1413th1Anthony Robinson
46%
145th1Boo Bernis
46%
189th1Brendan Synnott
46%
194th1Brett Clouser
46%
2816th1Brice Johnston
46%
127th1Bruce Kanegai
46%
1318th1Cecilia Mansilla
46%
179th1Charlie Herschel
46%
212nd1Chase Rice
46%
243rd1Chelsea Meissner
46%
310th1Clarence Black
46%
176th1Crystal Cox
46%
2514th1Dana Lambert
46%
2310th2Dawn Meehan
46%
263rd2Dawn Meehan
46%
264th1Eddie Fox
46%
1418th1Erica Durousseau
46%
37th1Frank Garrison
46%
158th1Frosti Zernow
46%
2817th1Garrett Adelstein
46%
1717th1Gillian Larson
46%
110th1Gretchen Cordy
46%
277th1Hayden Moss
46%
54th1Helen Glover
46%
214th1Holly Hoffman
46%
195th1Jaison Robinson
46%
1715th1Jaquie Berg
46%
2410th1Jay Byars
46%
159th1Jean-Robert Bellande
46%
287th1Jefra Bland
46%
288th1Jeremiah Wood
46%
2118th1Jimmy Johnson
46%
2117th1Jimmy Tarantino
46%
249th1Leif Manson
46%
1411th1Lisi Linares
46%
1913th1Liz Kim
46%
289th1LJ McKanas
46%
1710th1Marcus Lehman
46%
174th1Matty Whitmore
46%
219th1NaOnka Mixon
46%
42nd1Neleh Dennis
46%
712th1Osten Taylor
46%
113rd1Rafe Judkins
46%
1311th1Rebecca Borman
46%
1813th1Sandy Burgin
46%
93rd1Scout Cloud Lee
46%
2119th1Shannon Elkins
46%
187th1Sierra Reed
46%
312th1Silas Gaither
46%
23W2Sophie Clarke
46%
114th1Stacey Stillman
46%
1811th1Sydney Wheeler
46%
1417th1Sylvia Kwan
46%
35th1Teresa Cooper
46%
1916th1Yasmin Giles
46%
2518th1Zane Knight
46%
48th1Zoe Zanidakis
46%
1512th1Aaron Reisberger
38%
1712th1Ace Gordon
38%
259th1Artis Silvester
38%
129th1Austin Carty
38%
64th1Butch Lockley
38%
105th1Caryn Groedel
38%
143rd1Cassandra Franklin
38%
1516th1Chicken Morris
38%
76th1Christa Hastie
38%
109th1Coby Archa
38%
142nd1Dreamz Herd
38%
149th1Edgardo Rivera
38%
2620th2Francesca Hogi
38%
2218th2Francesca Hogi
38%
1714th1GC Brown
38%
513th1Ghandia Johnson
38%
411th1Gina Crews
38%
414th1Hunter Ellis
38%
56th1Jake Billingsley
38%
108th1Janu Tornell
38%
612th1Jeanne Hebert
38%
1814th1Jerry Sims
38%
315th1Jessie Camacho
38%
2215th1Krista Klumpp
38%
313th1Linda Spencer
38%
1920th1Marisa Calihan
38%
148th1Mookie Lee
38%
1716th1Paloma Soto-Castillo
38%
44th1Paschal English
38%
229th1Ralph Kiser
38%
2511th1RC Saint-Amour
38%
268th1Reynold Toepfer
38%
2517th1Roxy Morris
38%
1213th1Ruth Marie Milliman
38%
616th1Ryan Aiken
38%
79th1Ryan Opray
38%
716th1Ryan Shoulders
38%
213rd1Sash Lenahan
38%
2617th1Shamar Thomas
38%
196th1Shambo Waters
38%
1511th1Sherea Lloyd
38%
262nd1Sherri Biethman
38%
2210th1Steve Wright
38%
184th1Taj Johnson-George
38%
239th1Whitney Duncan
38%
1014th1Willard Smith
38%
2114th1Yve Rojas
38%
233rd1Albert Destrade
31%
2112th1Alina Wilson
31%
2619th1Allie Pohevitz
31%
1918th1Betsy Bolan
31%
1114th1Blake Towsley
31%
914th1Brady Finta
31%
1116th1Brianna Varela
31%
1115th1Brooke Struck
31%
918th1Brook Geraghty
31%
1315th1Cao Boi Bui
31%
314th1Carl Bilancione
31%
98th1Chad Crittenden
31%
68th1Deena Bennett
31%
316th1Diane Ogden
31%
237th1Edna Ma
31%
412th1Gabriel Cade
31%
228th1Grant Mattos
31%
2618th1Hope Driskill
31%
1011th1Ibrehem Rahman
31%
615th1Janet Koth
31%
514th1Jed Hildebrand
31%
2113th1Jill Behm
31%
1317th1JP Calderon
31%
99th1Lea Masters
31%
97th1Leann Slaby
31%
1514th1Leslie Nease
31%
1415th1Liliana Gomez
31%
1113th1Margaret Bobonich
31%
1215th1Melinda Hyder
31%
915th1Mia Galeotalanza
31%
1214th1Misty Giles
31%
717th1Nicole Delma
31%
2417th1Nina Acosta
31%
415th1Patricia Jackson
31%
416th1Peter Harkey
31%
235th1Rick Nelson
31%
1414th1Rita Verreos
31%
46th1Robert DeCanio
31%
910th1Rory Freeman
31%
128th1Sally Schumann
31%
611th1Shawna Mitchell
31%
77th1Tijuana Bradley
31%
2116th1Tyrone Davis
31%
1019th1Wanda Shirk
31%
2120th1Wendy DeSmidt-Kohloff
31%
2313th1Christine Shields Markoski
23%
66th1Christy Smith
23%
917th1Dolly Neely
23%
2315th1Elyse Umemoto
23%
278th1Katie Collins
23%
114th1Lydia Morales
23%
2314th1Mikayla Wingle
23%
57th1Penny Ramsey
23%
2213th1Sarita White
23%
2318th1Semhar Tadesse
23%
47th1Tammy Leitner
23%
515th1Tanya Vance
23%
55th1Ted Rogers Jr.
23%
913th1Travis Sampson
15%

Score Distribution

Percentile by Number Answered

Percent of People with Each Score

Your Score History

You have not taken this quiz